| 000 | 01485cad a22002655a 4500 | ||
|---|---|---|---|
| 001 | E152569 | ||
| 002 | |||
| 008 | 110329s2011 xxk 000 0 eng u | ||
| 020 | _a9781842196489 | ||
| 035 | _a(Sirsi) u152569 | ||
| 041 | 0 | _aeng | |
| 110 | 2 |
_aRoyal Institution of Chartered Surveyors _94900 |
|
| 245 | 0 | 5 |
_aRICS real estate agency and brokerage standards _bRICS guidance note _h[electronic resource] |
| 260 |
_aCoventry _bRICS _c2011 |
||
| 300 |
_a26p. _c30cm. |
||
| 490 | 0 | _aRICS Guidance Note | |
| 490 | 0 | _aRICS Practice Standards, Global | |
| 520 | _aSuperseded by 2nd edition 1 February 2015, ISBN 9781783210749. | ||
| 520 | _aThe RICS Real Estate Agency and Brokerage Standards provide best practice guidance for real estate agents and brokers in all world regions. Their purpose is to ensure that clients receive objective advice, delivered in a professional manner that is consistent with internationally recognised standards. The standards set a framework for best practice in the execution and delivery of real estate agency services, subject to specific local legislative requirements and local market specifics. Effective from 1 July 2011. | ||
| 590 | _aKA | ||
| 651 | 4 | _aInternational | |
| 690 | _aPROPERTY-ACQUISITION AND DISPOSAL OF PROPERTY | ||
| 856 | 4 | 1 |
_uhttps://www.rics.org/Global/Real_estate_agency_and_brokerage_standards_1st_edition_PGguidance_2011.pdf _zView the guidance note free of charge (member-only content) at www.rics.org |
| 942 | _n0 | ||
| 999 |
_c112121 _d112121 |
||